000 01039nam a22002177a 4500
005 20230102122953.0
008 230102b ||||| |||| 00| 0 eng d
040 _cAL
041 _aeng
082 _223
_a823.91
_bHARP
100 _aL P Hartley
_968055
245 _aPerfect woman
260 _aAustralia
_bPenguin Books
_c1959
300 _a299p.
_bPB
_c18x11cm.
365 _2English
520 _aChartered accountant Harold Eastwood, conventionally minded, chances to meet Alec Goodrich on the train, travelling first-class with a third-class ticket. Alec is a best-selling novelist. He soon finds Harold's knowledge of income tax allowances useful and when Alec pays a visit to the accountant his wife, Isabel, who yearns for culture and literature, quickly takes up the fantasy to be his mistress. However, not she but Irma, the Austrian barmaid at the tavern, has caught Alec's wayward fancy . .
650 _aEnglish Fiction
_968056
650 _aEnglish Novel
_968057
700 _aHARTLEY (L P)
_968058
942 _2ddc
_cDB
999 _c226143
_d226143